[Event "GER-chT School WK H+R"]
[Site "Playchess.com INT"]
[Date "2020.06.17"]
[Round "7.2"]
[White "Fischer, John"]
[Black "Cicak, Milan"]
[Result "1-0"]
[WhiteElo "1669"]
[BlackElo "1816"]
[PlyCount "67"]
[EventDate "2020.06.10"]
[EventType "team-swiss (blitz)"]
[EventRounds "7"]
[EventCountry "GER"]
[SourceTitle "EXT 2021"]
[Source "ChessBase"]
[SourceDate "2020.10.23"]
[SourceVersion "1"]
[SourceVersionDate "2020.10.23"]
[SourceQuality "1"]
[WhiteTeam "Hasbergen Oberschule"]
[BlackTeam "Bad Krozingen Max Planck"]
[WhiteTeamCountry "GER"]
[BlackTeamCountry "GER"]

1. d4 d5 2. Nc3 Nf6 3. Bf4 Nc6 4. f3 Bf5 5. g4 Bg6 6. h4 h6 7. e3 e6 8. Bd3 Bxd3 9. Qxd3 Nb4 10. Qd2 Bd6 11. Nge2 Qe7 12. 0-0-0 e5 13. dxe5 Bxe5 14. Bxe5 Qxe5 15. f4 Qd6 16. g5 hxg5 17. hxg5 Rxh1 18. Rxh1 Nd7 19. Nd4 a6 20. Nf5 Qf8 21. Kb1 g6 22. Ng3 Nb6 23. a3 Nc6 24. Nge2 0-0-0 25. Nd4 Nxd4 26. Qxd4 c5 27. Qf6 Nd7 28. Qxd8+ Qxd8 29. Nxd5 Nb6 30. Nf6 Nd7 31. Rd1 Qe8 32. Nxe8 Kd8 33. Nf6 Kc8 34. Rxd7 1-0

[Event "GER-chT School WK H+R"]
[Site "Playchess.com INT"]
[Date "2020.06.17"]
[Round "5.2"]
[White "Gerlich, Luca"]
[Black "Cicak, Milan"]
[Result "1-0"]
[WhiteElo "1677"]
[BlackElo "1816"]
[PlyCount "45"]
[EventDate "2020.06.10"]
[EventType "team-swiss (blitz)"]
[EventRounds "7"]
[EventCountry "GER"]
[SourceTitle "EXT 2021"]
[Source "ChessBase"]
[SourceDate "2020.10.23"]
[SourceVersion "1"]
[SourceVersionDate "2020.10.23"]
[SourceQuality "1"]
[WhiteTeam "Muenchen Ernst Barlach Realsch"]
[BlackTeam "Bad Krozingen Max Planck"]
[WhiteTeamCountry "GER"]
[BlackTeamCountry "GER"]

1. e4 e5 2. Nf3 Nc6 3. Bb5 d6 4. 0-0 Bd7 5. c3 Nf6 6. Re1 Be7 7. d4 exd4 8. cxd4 Bg4 9. h3 Bxf3 10. Qxf3 0-0 11. Be3 a6 12. Bxc6 bxc6 13. Nc3 d5 14. e5 Nd7 15. Qg4 c5 16. Bh6 Bf6 17. Nxd5 g6 18. Bxf8 Kxf8 19. Nxf6 Nxf6 20. exf6 Qxf6 21. dxc5 Qxb2 22. Qe4 Qc3 23. Qxa8+ 1-0